Environmentalne aspekty trvalo udržatelného rozvoja a jeho aplikácia v hoteloch a ubytovacích zariadeniach bakalárska práca

Enregistré dans:
Détails bibliographiques
Auteur principal: Srnanská, Chiara
Collectivité auteur: Obchodná fakulta EU. Katedra cestovného ruchu
Autres auteurs: Kubíková, Ľubomíra, 1996-
Format: Livre
Langue:slovaque
Publié: Bratislava 2024
Tags: Ajouter un tag
Pas de tags, Soyez le premier à ajouter un tag!

MARC

LEADER 00000nbm a2200000 4500
001 0302433
005 20250815090746.5
041 0 |a slo 
044 |a SK 
245 1 0 |a Environmentalne aspekty trvalo udržatelného rozvoja a jeho aplikácia v hoteloch a ubytovacích zariadeniach  |b bakalárska práca  |c Chiara Srnanská ; školiteľ: Ľubomíra Kubíková 
264 1 |a Bratislava  |c 2024 
300 |a 64 s. 
100 1 |a Srnanská, Chiara 
700 1 |a Kubíková, Ľubomíra, 1996- 
710 2 |a Obchodná fakulta EU. Katedra cestovného ruchu